An evaluation of the English for specific purposes syllabus in a technical and futher education college /
محفوظ في:
| المؤلف الرئيسي: | |
|---|---|
| التنسيق: | أطروحة كتاب |
| اللغة: | English |
| منشور في: |
1997.
|
| الموضوعات: | |
| الوسوم: |
إضافة وسم
لا توجد وسوم, كن أول من يضع وسما على هذه التسجيلة!
|
| LEADER | 01383cam a2200301 a 4500 | ||
|---|---|---|---|
| 001 | u414908 | ||
| 003 | SIRSI | ||
| 008 | 920820s1997 my t 00 10 eng m | ||
| 035 | |a ACD-7176 | ||
| 040 | |a UMB |d UMM | ||
| 090 | |a PE1479 |b B87Raj | ||
| 091 | |a Microfiche 14174 | ||
| 093 | |a PE1479 |b B87Raj | ||
| 100 | 0 | 0 | |a Rajasegaran Krishnasamy. |
| 245 | 1 | 3 | |a An evaluation of the English for specific purposes syllabus in a technical and futher education college / |c Rajasegara s/o Krishnasamy. |
| 260 | |c 1997. | ||
| 300 | |a vi, 118 leaves [append] : |b ill ; |c 30 cm. | ||
| 500 | |a Microfiche. Kuala Lumpur : University of Malaya Library, 1999. 2 fiches : negative ; 11 x 15 cm. | ||
| 502 | |a Dissertation (M.E.S.L.) -- Fakulti Bahasa dan Linguistik, Universiti Malaya, 1997. | ||
| 504 | |a Bibliography : leaves 92-93. | ||
| 650 | 0 | |a English language |x Business English |x Study and teaching (Higher) |z Malaysia. | |
| 650 | 0 | |a English language |x Study and teaching (Higher) |z Malaysia. | |
| 650 | 0 | |a English language |z Malaysia |x Outlines, syllabi, etc. | |
| 710 | 2 | 0 | |a Universiti Malaya. |b Fakulti Bahasa dan Linguistik. |
| 948 | |a 19/08/1997 |b 13/06/2002 | ||
| 596 | |a 1 6 | ||
| 999 | |a PE1479 B87RAJ |w LC |c 1 |i A507342236 |d 31/1/2017 |e 31/1/2017 |l STACKS |m P01UTAMA |n 12 |r Y |s Y |t TESIS |u 22/10/1997 | ||
| 999 | |a PE1479 B87RAJ |w LC |c 1 |i A503696791 |d 10/3/2011 |e 10/3/2011 |l STACKS |m P06BAHASA |n 2 |r Y |s Y |t TESIS |u 4/10/1997 | ||
